Statistics for Juice WRLD and Future, Bad Boy Lyrics

Click here to take the quiz!

General Stats

  • This quiz has been taken 8 times
  • The average score is 2 of 10

Answer Stats

LyricsLyricsLyricsLyricsLyrics% Correct
yeahbetterloveshethe
43%
lawrencebreatheamyas
29%
ameboyyeahas
29%
i'maroundbadicebad
29%
badforsothatme
29%
willwatchtofellbag
14%
yeahyouimeto
14%
smiththecrashinain't
0%
andwaycarsloveno
0%
martinyoui'mwithone
0%

Score Distribution

Percentile by Number Answered

Percent of People with Each Score

Your Score History

You have not taken this quiz